000 00917nam a2200253Ia 4500
003 OSt
005 20220923222203.0
006 a|||||r|||| 00| 0
007 ta
008 220922b |||||||| |||| 00| 0 hin d
024 _a203,655
037 _cTextual
040 _aARTS
_cARTS
_bhin
041 _2hin
_ahin
082 _aO157,3NBH,1, 152L4
100 _aभादुड़ी, सतीनाथ; गंगाधर, मधुकर, अनु.
245 0 _aढोड़ाय चरित मानस
246 _aḌhoड़āya charit mānasa
260 _aपटना
_b मुकुल प्रका0
_c1974
300 _a468पृ.
_ccm.
650 _aबंगाली साहित्य
_9156264
942 _hO157,3NBH,1, 152L4
_cTEXL
_2CC
999 _c354407
_d354407